[Event "Saint Affrique op 09th"]
[Site "Saint Affrique"]
[Date "2001.07.23"]
[Round "4.70"]
[White "Dubois, Vincent"]
[Black "Pont, Frederic"]
[Result "0-1"]
[WhiteElo "1780"]
[BlackElo "1499"]
[PlyCount "108"]
[EventDate "2001.07.??"]
[EventType "swiss"]
[EventRounds "9"]
[EventCountry "FRA"]
[SourceTitle "EXT 2003"]
[Source "ChessBase"]
[SourceDate "2002.11.25"]
[SourceVersion "1"]
[SourceVersionDate "2002.11.25"]
[SourceQuality "1"]

1. e4 c6 2. d4 d5 3. e5 Bf5 4. g4 Bg6 5. h4 h5 6. g5 e6 7. Nh3 Bf5 8. Bd3 Bxd3 9. Qxd3 g6 10. Nf4 Ne7 11. Ng2 Nf5 12. Ne3 Nxe3 13. fxe3 Bb4+ 14. Bd2 Be7 15. Nc3 Qb6 16. Ke2 Qa6 17. e4 Qxd3+ 18. Kxd3 Na6 19. a3 Rd8 20. Be3 Nc7 21. Ne2 b5 22. a4 dxe4+ 23. Kxe4 b4 24. c3 a5 25. cxb4 Bxb4 26. Rac1 Kd7 27. Rc2 Nd5 28. Bd2 Rb8 29. Rb1 Rb7 30. b3 Bxd2 31. Rxd2 Rb4 32. Rd3 Rhb8 33. Ng3 Rxa4 34. Rf1 Rab4 35. Rxf7+ Ne7 36. Rff3 Nd5 37. Ne2 a4 38. bxa4 Rxa4 39. Rb3 Rbb4 40. Rxb4 Rxb4 41. Rf7+ Ke8 42. Rg7 Rb2 43. Ng1 Ne7 44. Kf3 Kf8 45. Rh7 Rb7 46. Ne2 Kg8 47. Rh6 Rb3+ 48. Kg2 Rb2 49. Kf3 Rxe2 50. Kxe2 Kg7 51. Kd3 Nf5 52. Kc4 Nxh4 53. Kc5 Nf3 54. d5 cxd5 0-1